[Event "Montmagny op U1600"]
[Site "Montmagny CAN"]
[Date "2008.11.22"]
[Round "4"]
[White "Bernatchez, Lucas"]
[Black "Imbeault, David"]
[Result "0-1"]
[WhiteElo "1243"]
[BlackElo "1481"]
[PlyCount "114"]
[GameId "2160767910286124"]
[EventDate "2008.11.21"]
[EventType "swiss"]
[EventRounds "5"]
[EventCountry "CAN"]

1. c4 e5 2. Nc3 Nf6 3. e3 d5 4. cxd5 Nxd5 5. Nf3 Nc6 6. Bb5 Nxc3 7. bxc3 Bd6 8. Qa4 Bd7 9. Rb1 a6 10. Be2 b5 11. Qc2 O-O 12. d4 exd4 13. exd4 Qf6 14. Bg5 Bf5 15. Qd2 Qe6 16. Rd1 Qd5 17. O-O Be6 18. Ra1 Na5 19. Rfe1 Nc4 20. Bxc4 Qxc4 21. Ne5 Qd5 22. Bf4 Ba3 23. Re3 Rad8 24. Bh6 f6 25. Rg3 fxe5 26. Rxg7+ Kh8 27. Qg5 Rd7 28. Rxd7 Qxd7 29. Bxf8 Bxf8 30. Qxe5+ Bg7 31. Qc5 Bc4 32. a3 Kg8 33. Qa7 Qc6 34. Re1 Kf7 35. Qb8 Be6 36. Qd8 Bf6 37. Qb8 Qxc3 38. Rb1 Bf5 39. Rd1 Bc2 40. Rc1 Qxa3 41. Qxc7+ Ke6 42. Qxc2 Kd5 43. Qc5+ Qxc5 44. dxc5 Be5 45. c6 Bc7 46. g4 a5 47. f3 b4 48. h4 b3 49. Rb1 a4 50. Rb2 Be5 51. Rd2+ Kxc6 52. Kf2 b2 53. Rd1 a3 54. Ke2 a2 55. Kd2 b1=Q 56. Rc1+ Qxc1+ 57. Kxc1 a1=Q+ 0-1

[Event "Montmagny op U1600"]
[Site "Montmagny CAN"]
[Date "2008.11.23"]
[Round "4"]
[White "Gagnon, Rejean"]
[Black "Raymond, Luc"]
[Result "0-1"]
[WhiteElo "1589"]
[BlackElo "1490"]
[PlyCount "136"]
[GameId "2160767910286125"]
[EventDate "2008.11.21"]
[EventType "swiss"]
[EventRounds "5"]
[EventCountry "CAN"]

1. d4 d5 2. c4 e6 3. e3 Nf6 4. Nc3 Bb4 5. Qc2 Nbd7 6. a3 Bxc3+ 7. Qxc3 O-O 8. Bd3 b6 9. cxd5 Bb7 10. Nf3 exd5 11. O-O Ne4 12. Qc2 c5 13. Qe2 Re8 14. Bd2 Qe7 15. Bc3 Rac8 16. Ba6 Bxa6 17. Qxa6 Ndf6 18. Qe2 Nxc3 19. bxc3 cxd4 20. cxd4 Rc3 21. Qb2 Rec8 22. Rfc1 Qc7 23. Rxc3 Qxc3 24. Qxc3 Rxc3 25. Ne1 Ne4 26. Ra2 Kf8 27. Kf1 Ke7 28. f3 Nd6 29. Ke2 Nc4 30. Nc2 Kd6 31. g3 f5 32. f4 Rb3 33. h3 Rb1 34. Ne1 Nxe3 35. Kxe3 Rxe1+ 36. Kf2 Rh1 37. Re2 Rxh3 38. Kg2 Rh6 39. Re5 Re6 40. Rxf5 b5 41. Rf7 Re7 42. Rf8 Rd7 43. Rb8 Kc6 44. Rc8+ Kb6 45. Rc3 a5 46. Kf3 b4 47. axb4 axb4 48. Rc5 Rc7 49. Rxd5 b3 50. Re5 b2 51. Re1 Rc1 52. Re6+ Kb5 53. Re8 b1=Q 54. Rb8+ Kc6 55. Rxb1 Rxb1 56. Kg4 Kd5 57. Kg5 Rb6 58. g4 Kxd4 59. f5 Ke4 60. Kh5 g6+ 61. fxg6 hxg6+ 62. Kh6 Kf4 63. g5 Kg4 64. Kh7 Kxg5 65. Kg7 Rb7+ 66. Kf8 Kf6 67. Kg8 g5 68. Kh8 Kg6 0-1

[Event "Montmagny op U1600"]
[Site "Montmagny CAN"]
[Date "2008.11.23"]
[Round "4"]
[White "Gaudreault, Stephane"]
[Black "Lepagne, Francis"]
[Result "0-1"]
[WhiteElo "1340"]
[BlackElo "1363"]
[PlyCount "96"]
[GameId "2160767910286126"]
[EventDate "2008.11.21"]
[EventType "swiss"]
[EventRounds "5"]
[EventCountry "CAN"]

1. d4 Nf6 2. c4 g6 3. Nc3 d5 4. cxd5 Nxd5 5. e4 Nxc3 6. bxc3 Bg7 7. Bc4 c5 8. Ne2 cxd4 9. cxd4 Nc6 10. Be3 O-O 11. O-O e6 12. Rb1 a6 13. d5 Na5 14. Bb6 Qd6 15. Bxa5 Qc5 16. Qa4 b5 17. Bxb5 axb5 18. Qxb5 Rxa5 19. Qxc5 Rxc5 20. dxe6 Bxe6 21. Rfc1 Rxc1+ 22. Rxc1 Bxa2 23. Nc3 Bh6 24. Ra1 Be6 25. Nd5 Bg7 26. Rd1 Be5 27. f3 f5 28. exf5 Bxf5 29. Ne7+ Kg7 30. Nxf5+ Rxf5 31. h3 Bg3 32. Kf1 h5 33. Ke2 Re5+ 34. Kf1 Kf6 35. Rb1 Kf5 36. Rd1 g5 37. Rb1 Kf4 38. Ra1 Ke3 39. Ra4 Kd2 40. Re4 Rxe4 41. fxe4 Ke3 42. e5 Bxe5 43. Ke1 Bg3+ 44. Kf1 Bf2 45. g4 hxg4 46. hxg4 Bg3 47. Kg2 Kf4 48. Kh3 Be1 0-1

[Event "Montreal Mercredi 01"]
[Site "Montreal CAN"]
[Date "2008.01.09"]
[Round "1"]
[White "Baran, Marius"]
[Black "Lemieux, Serge"]
[Result "1/2-1/2"]
[WhiteElo "1580"]
[BlackElo "1678"]
[PlyCount "84"]
[GameId "2160767910549199"]
[EventDate "2008.01.09"]
[EventType "tourn"]
[EventRounds "5"]
[EventCountry "CAN"]
[SourceTitle "EXT 2011"]
[Source "ChessBase"]
[SourceDate "2011.11.26"]
[SourceVersion "1"]
[SourceVersionDate "2011.11.26"]
[SourceQuality "1"]

1. d4 d5 2. c4 e6 3. Nf3 Nf6 4. Bg5 Be7 5. e3 Nbd7 6. Nc3 h6 7. Bh4 O-O 8. Rc1 c6 9. Bd3 dxc4 10. Bxc4 Nb6 11. Qe2 Nfd5 12. Bg3 Bd6 13. Ne5 Nxc3 14. bxc3 Nxc4 15. Qxc4 Bxe5 16. Bxe5 Qd5 17. Qxd5 exd5 18. Rb1 b5 19. O-O a5 20. a3 Bf5 21. Rbd1 f6 22. Bd6 Rfe8 23. Rfe1 Re6 24. Bc7 g5 25. Rd2 a4 26. h3 h5 27. Kh2 Rae8 28. Rg1 Kf7 29. g4 hxg4 30. hxg4 Rh8+ 31. Kg3 Bg6 32. Rdd1 f5 33. Be5 Rh7 34. Rh1 Rxh1 35. Rxh1 c5 36. f4 cxd4 37. Bxd4 gxf4+ 38. exf4 fxg4 39. Kxg4 Be4 40. Rh5 Rg6+ 41. Rg5 Rxg5+ 42. Kxg5 Ke6 1/2-1/2

[Event "Montreal Mercredi 01"]
[Site "Montreal CAN"]
[Date "2008.01.09"]
[Round "1"]
[White "Bergeron, Jean-Guy"]
[Black "Theriault, Pierre Marc"]
[Result "0-1"]
[WhiteElo "1386"]
[BlackElo "1402"]
[PlyCount "48"]
[GameId "2160767910549200"]
[EventDate "2008.01.09"]
[EventType "tourn"]
[EventRounds "5"]
[EventCountry "CAN"]
[SourceTitle "EXT 2011"]
[Source "ChessBase"]
[SourceDate "2011.11.26"]
[SourceVersion "1"]
[SourceVersionDate "2011.11.26"]
[SourceQuality "1"]

1. c4 Nf6 2. Nc3 d5 3. cxd5 Nxd5 4. g3 Nxc3 5. bxc3 Bd7 6. Bg2 Bc6 7. Nf3 e5 8. O-O Nd7 9. d4 exd4 10. cxd4 Nf6 11. Bg5 Be7 12. Bxf6 Bxf6 13. e3 O-O 14. Qc2 Re8 15. Rad1 Be4 16. Qc4 Bd5 17. Qc2 c6 18. Rfe1 Qa5 19. Re2 Be4 20. Qc4 Qh5 21. Nd2 b5 22. Qc1 Bxg2 23. Kxg2 Qxe2 24. Re1 Qd3 0-1

[Event "Montreal Mercredi 01"]
[Site "Montreal CAN"]
[Date "2008.01.09"]
[Round "1"]
[White "Chenard, Yanick"]
[Black "Maharisoa, Tantely"]
[Result "0-1"]
[WhiteElo "1452"]
[BlackElo "1510"]
[PlyCount "100"]
[GameId "2160767910549201"]
[EventDate "2008.01.09"]
[EventType "tourn"]
[EventRounds "5"]
[EventCountry "CAN"]
[SourceTitle "EXT 2011"]
[Source "ChessBase"]
[SourceDate "2011.11.26"]
[SourceVersion "1"]
[SourceVersionDate "2011.11.26"]
[SourceQuality "1"]

1. d4 d5 2. c4 e6 3. Nc3 Nf6 4. Nf3 Nbd7 5. Bg5 Be7 6. e3 O-O 7. Bd3 Re8 8. O-O c6 9. Qc2 Nf8 10. Ne5 N6d7 11. Bxe7 Qxe7 12. f4 Qh4 13. Rf3 f5 14. cxd5 Nxe5 15. dxe5 cxd5 16. Nb5 Bd7 17. Nd6 Reb8 18. Rh3 Qd8 19. g4 g6 20. gxf5 gxf5 21. Qg2+ Ng6 22. Kh1 Qe7 23. Rg3 Kh8 24. Rc1 Bc6 25. Be2 Rg8 26. Qh3 d4+ 27. Rxc6 bxc6 28. exd4 Nxf4 29. Qf1 Nxe2 30. Qxe2 Rxg3 31. hxg3 Rg8 32. Kg2 f4 33. g4 h5 34. Kf3 Rxg4 35. Qe4 Rg3+ 36. Ke2 Re3+ 37. Qxe3 fxe3 38. Kxe3 Kg7 39. d5 exd5 40. Nf5+ Kf7 41. Nxe7 Kxe7 42. b4 h4 43. Kf4 h3 44. Kg3 Ke6 45. Kxh3 Kxe5 46. Kg3 Ke4 47. Kf2 Kd3 48. Ke1 Kc2 49. a3 d4 50. a4 d3 0-1

[Event "Montreal Mercredi 01"]
[Site "Montreal CAN"]
[Date "2008.01.09"]
[Round "1"]
[White "Desmeules, Etienne"]
[Black "Tong, Tan Guang"]
[Result "1/2-1/2"]
[WhiteElo "1438"]
[BlackElo "1389"]
[PlyCount "60"]
[GameId "2160767910549202"]
[EventDate "2008.01.09"]
[EventType "tourn"]
[EventRounds "5"]
[EventCountry "CAN"]
[SourceTitle "EXT 2011"]
[Source "ChessBase"]
[SourceDate "2011.11.26"]
[SourceVersion "1"]
[SourceVersionDate "2011.11.26"]
[SourceQuality "1"]

1. d4 Nf6 2. c4 e6 3. Nc3 Bb4 4. Nf3 d5 5. Bg5 c6 6. e3 O-O 7. cxd5 cxd5 8. Bd3 Nc6 9. O-O Re8 10. Qc2 h6 11. Bh4 Be7 12. a3 Kh8 13. Bb5 Bd7 14. Bxc6 Bxc6 15. Ne5 Kg8 16. f4 Nd7 17. Bxe7 Qxe7 18. Rf3 Nxe5 19. fxe5 Rf8 20. Raf1 Rac8 21. Qf2 Rc7 22. Qg3 a5 23. Rf4 Rcc8 24. Rg4 f6 25. Qh4 Kh7 26. Qh5 Be8 27. Qh3 Bg6 28. exf6 Rxf6 29. Rxf6 Qxf6 30. Rf4 Qe7 1/2-1/2

[Event "Montreal Mercredi 01"]
[Site "Montreal CAN"]
[Date "2008.01.09"]
[Round "1"]
[White "Gauthier, Luc"]
[Black "Tremblay, Sigfrid"]
[Result "1-0"]
[WhiteElo "1772"]
[BlackElo "1900"]
[PlyCount "57"]
[GameId "2160767910549204"]
[EventDate "2008.01.09"]
[EventType "tourn"]
[EventRounds "5"]
[EventCountry "CAN"]
[SourceTitle "EXT 2011"]
[Source "ChessBase"]
[SourceDate "2011.11.26"]
[SourceVersion "1"]
[SourceVersionDate "2011.11.26"]
[SourceQuality "1"]

1. e4 d6 2. d4 Nf6 3. Nc3 g6 4. Bc4 Bg7 5. Qe2 Nc6 6. e5 Nxd4 7. exf6 Nxe2 8. fxg7 Rg8 9. Ngxe2 Rxg7 10. Bh6 Rg8 11. O-O-O Bd7 12. Rhe1 e6 13. f4 Qe7 14. Nd4 c6 15. Bg5 Qf8 16. Ne4 Qg7 17. Nf6+ Kf8 18. Nxd7+ Ke8 19. Nf6+ Kf8 20. Rxe6 Rh8 21. Nd7+ Kg8 22. Re7 d5 23. Ne6 fxe6 24. Rxg7+ Kxg7 25. Bf6+ Kf7 26. Bxh8 Rxh8 27. Ne5+ Kf6 28. Bd3 g5 29. Ng4+ 1-0

[Event "Montreal Mercredi 01"]
[Site "Montreal CAN"]
[Date "2008.01.09"]
[Round "1"]
[White "Gauthier, Martin"]
[Black "Chesnut, Walter"]
[Result "0-1"]
[WhiteElo "1364"]
[BlackElo "1452"]
[PlyCount "85"]
[GameId "2160767910549205"]
[EventDate "2008.01.09"]
[EventType "tourn"]
[EventRounds "5"]
[EventCountry "CAN"]
[SourceTitle "EXT 2011"]
[Source "ChessBase"]
[SourceDate "2011.11.26"]
[SourceVersion "1"]
[SourceVersionDate "2011.11.26"]
[SourceQuality "1"]

1. d4 Nf6 2. c4 e6 3. Nc3 Bb4 4. a3 Bxc3+ 5. bxc3 O-O 6. Bg5 d6 7. e3 b6 8. Qf3 d5 9. cxd5 Qxd5 10. Qg3 Ne4 11. Qxc7 Qxg5 12. Nf3 Qa5 13. Rc1 Qxa3 14. Rc2 Qa1+ 15. Ke2 Ba6+ 16. c4 Rc8 17. Qe7 Nc6 18. Qh4 Nc3+ 19. Kd2 Nb1+ 20. Kd1 Na3+ 21. Rc1 Qb2 22. Nd2 Na5 23. Bd3 Nb3 24. Qxh7+ Kf8 25. Nxb3 Qxb3+ 26. Ke2 Bxc4 27. Bxc4 Nxc4 28. Rc2 Nd6 29. Rhc1 Rxc2+ 30. Rxc2 Qb5+ 31. Ke1 Ne8 32. Qh8+ Ke7 33. Qh4+ f6 34. e4 Qb4+ 35. Ke2 Qxd4 36. Rd2 Qc4+ 37. Ke3 Nd6 38. Qf4 Rd8 39. f3 Qc5+ 40. Ke2 Qb5+ 41. Ke1 Qb4 42. Ke2 Rd7 43. e5 0-1

[Event "Montreal Mercredi 01"]
[Site "Montreal CAN"]
[Date "2008.01.09"]
[Round "1"]
[White "Giroux, Robert"]
[Black "Katch, Gary"]
[Result "1-0"]
[WhiteElo "1875"]
[BlackElo "1817"]
[PlyCount "137"]
[GameId "2160767910549206"]
[EventDate "2008.01.09"]
[EventType "tourn"]
[EventRounds "5"]
[EventCountry "CAN"]
[SourceTitle "EXT 2011"]
[Source "ChessBase"]
[SourceDate "2011.11.26"]
[SourceVersion "1"]
[SourceVersionDate "2011.11.26"]
[SourceQuality "1"]

1. e4 d5 2. exd5 Nf6 3. d4 Nxd5 4. Nf3 Bg4 5. Be2 e6 6. O-O Be7 7. c4 Nb6 8. b3 O-O 9. h3 Bf5 10. Be3 Nc6 11. Nc3 Bf6 12. Rc1 a5 13. d5 Bxc3 14. Rxc3 Qf6 15. Qd2 exd5 16. cxd5 Nxd5 17. Qxd5 Qxc3 18. Qxf5 Ne7 19. Qd7 Ng6 20. Bc4 Ne5 21. Nxe5 Qxe5 22. Rd1 b6 23. a4 c5 24. g3 Qe8 25. Qxe8 Raxe8 26. Bf4 Re7 27. Kg2 h6 28. h4 Kh7 29. Rd3 Rfe8 30. Bd6 Ra7 31. Rf3 f6 32. h5 Rd8 33. Bf4 Re7 34. g4 Rd1 35. Re3 Rxe3 36. Bxe3 g5 37. Kf3 Kg7 38. Ke4 Rd6 39. Kf5 Rc6 40. Be6 Rd6 41. Bc4 Rd1 42. Ke4 Rd6 43. f3 Rd7 44. Bd5 Rd6 45. Bd2 Kf8 46. Bc3 Ke7 47. Bc4 Rc6 48. Kf5 Rd6 49. Ba6 Kf7 50. Bb5 Rd5+ 51. Ke4 Rd6 52. Bc4+ Kg7 53. f4 gxf4 54. Kxf4 Rd1 55. Kf5 Rd6 56. Be6 Rd1 57. Bxf6+ Kh7 58. Be5 Rf1+ 59. Ke4 Rd1 60. Kf4 Rf1+ 61. Kg3 Re1 62. Bf5+ Kg8 63. Bf4 Kg7 64. Kf2 Rd1 65. Be5+ Kf7 66. Bg6+ Ke6 67. Bf4 Rd4 68. Bf5+ Kf7 69. Bxh6 1-0

[Event "Montreal Mercredi 01"]
[Site "Montreal CAN"]
[Date "2008.01.09"]
[Round "1"]
[White "Neron, Raynald"]
[Black "Zhang, Zhiyuan"]
[Result "1-0"]
[WhiteElo "1463"]
[BlackElo "1546"]
[PlyCount "95"]
[GameId "2160767910549207"]
[EventDate "2008.01.09"]
[EventType "tourn"]
[EventRounds "5"]
[EventCountry "CAN"]
[SourceTitle "EXT 2011"]
[Source "ChessBase"]
[SourceDate "2011.11.26"]
[SourceVersion "1"]
[SourceVersionDate "2011.11.26"]
[SourceQuality "1"]

1. e4 e5 2. Nf3 Nc6 3. Bb5 d6 4. d4 Bd7 5. O-O Qe7 6. Bg5 f6 7. Be3 O-O-O 8. Nc3 exd4 9. Nxd4 Nxd4 10. Qxd4 Bxb5 11. Nxb5 a6 12. Nc3 b6 13. Nd5 Qe5 14. Qc4 Kd7 15. Qxc7+ Ke8 16. Bxb6 Be7 17. Qc6+ Kf7 18. Bxd8 Bxd8 19. Qc4 Qe6 20. Qe2 Ne7 21. Rfd1 Re8 22. Nf4 Qe5 23. Qc4+ d5 24. Nxd5 Kf8 25. Nxe7 Bxe7 26. Qd4 Qc7 27. c4 Bc5 28. Qd7 Qb6 29. Rd2 Be7 30. Rad1 Qa5 31. a3 Rd8 32. b4 Qg5 33. Qxd8+ Bxd8 34. Rxd8+ Ke7 35. c5 Qe5 36. c6 Kf7 37. R8d7+ Kg6 38. c7 Qc3 39. a4 Qc4 40. b5 axb5 41. axb5 Qc5 42. b6 Qc6 43. Rd8 Qxb6 44. c8=Q Qb5 45. R8d5 Qb4 46. Qf5+ Kf7 47. Rd7+ Kf8 48. Qe6 1-0

[Event "Montreal Mercredi 01"]
[Site "Montreal CAN"]
[Date "2008.01.09"]
[Round "1"]
[White "Robillard, Guillaume"]
[Black "Papineau (Montreal), Daniel"]
[Result "1/2-1/2"]
[WhiteElo "1708"]
[BlackElo "1841"]
[PlyCount "49"]
[GameId "2160767910549208"]
[EventDate "2008.01.09"]
[EventType "tourn"]
[EventRounds "5"]
[EventCountry "CAN"]

1. e4 e5 2. Nf3 Nc6 3. Bb5 a6 4. Ba4 Nf6 5. O-O Be7 6. Re1 b5 7. Bb3 d6 8. c3 O-O 9. h3 h6 10. d4 Re8 11. Nbd2 Bf8 12. d5 Ne7 13. Nf1 Ng6 14. Ng3 Nf4 15. Bc2 Bd7 16. Kh2 c5 17. Be3 a5 18. Qd2 Ng6 19. Rad1 Qc7 20. Nf5 Bxf5 21. exf5 Ne7 22. Nxe5 Nexd5 23. Ng4 Nxg4+ 24. hxg4 Nxe3 25. Rxe3 1/2-1/2

[Event "Montreal Mercredi 01"]
[Site "Montreal CAN"]
[Date "2008.01.09"]
[Round "1"]
[White "Savard, Alain"]
[Black "Messier, Samuel"]
[Result "1-0"]
[WhiteElo "1628"]
[BlackElo "1592"]
[PlyCount "55"]
[GameId "2160767910549209"]
[EventDate "2008.01.09"]
[EventType "tourn"]
[EventRounds "5"]
[EventCountry "CAN"]
[SourceTitle "EXT 2011"]
[Source "ChessBase"]
[SourceDate "2011.11.26"]
[SourceVersion "1"]
[SourceVersionDate "2011.11.26"]
[SourceQuality "1"]

1. e4 c6 2. d4 d5 3. e5 Bf5 4. Nf3 e6 5. Be2 Nd7 6. O-O Ne7 7. b3 c5 8. Ba3 Nc6 9. Re1 Be7 10. c4 dxc4 11. Bxc4 cxd4 12. Bb5 Bg4 13. Bxc6 bxc6 14. Bxe7 Qxe7 15. Qxd4 Bxf3 16. gxf3 O-O 17. Nd2 c5 18. Qe3 Nb6 19. f4 Rac8 20. Rac1 Rc6 21. Ne4 Rfc8 22. Qg3 c4 23. Kh1 cxb3 24. Rg1 g6 25. Rxc6 Rxc6 26. Nf6+ Kh8 27. Qh4 h5 28. Qxh5+ 1-0

[Event "Montreal Mercredi 01"]
[Site "Montreal CAN"]
[Date "2008.01.09"]
[Round "1"]
[White "Teasdale, Alain"]
[Black "Turcotte, Jonathan"]
[Result "1/2-1/2"]
[WhiteElo "1557"]
[BlackElo "1606"]
[PlyCount "76"]
[GameId "2160767910549210"]
[EventDate "2008.01.09"]
[EventType "tourn"]
[EventRounds "5"]
[EventCountry "CAN"]
[SourceTitle "EXT 2011"]
[Source "ChessBase"]
[SourceDate "2011.11.26"]
[SourceVersion "1"]
[SourceVersionDate "2011.11.26"]
[SourceQuality "1"]

1. e4 d6 2. d4 Nf6 3. Nc3 g6 4. f4 Bg7 5. Nf3 c5 6. dxc5 Qa5 7. Bd2 Qxc5 8. Bd3 O-O 9. Qe2 Bg4 10. Be3 Qa5 11. O-O Nbd7 12. h3 Bxf3 13. Qxf3 a6 14. a3 Qd8 15. g4 Rc8 16. g5 Nh5 17. Qf2 b5 18. Bd4 Bxd4 19. Qxd4 Qb6 20. Qxb6 Nxb6 21. Rae1 e6 22. f5 Rc5 23. h4 gxf5 24. exf5 Ng3 25. Ne4 Nxf1 26. Nxc5 dxc5 27. Kxf1 exf5 28. Bxf5 f6 29. g6 hxg6 30. Bxg6 Kg7 31. h5 Nc4 32. Re7+ Kh6 33. Ra7 Nxb2 34. Rxa6 Nc4 35. Kf2 Ne5 36. Rb6 Nxg6 37. hxg6 Kxg6 38. Rxb5 Ra8 1/2-1/2

[Event "Montreal Mercredi 01"]
[Site "Montreal CAN"]
[Date "2008.01.16"]
[Round "2"]
[White "Bergeron, Rene"]
[Black "Maharisoa, Tantely"]
[Result "0-1"]
[WhiteElo "1499"]
[BlackElo "1510"]
[PlyCount "67"]
[GameId "2160767910549211"]
[EventDate "2008.01.09"]
[EventType "tourn"]
[EventRounds "5"]
[EventCountry "CAN"]
[SourceTitle "EXT 2011"]
[Source "ChessBase"]
[SourceDate "2011.11.26"]
[SourceVersion "1"]
[SourceVersionDate "2011.11.26"]
[SourceQuality "1"]

1. e4 e5 2. Nf3 Nf6 3. d3 Nc6 4. Be2 Bc5 5. O-O O-O 6. Bg5 d6 7. Nc3 h6 8. Bh4 g5 9. Bg3 a6 10. Nd5 Nxd5 11. exd5 Ne7 12. c4 f5 13. Bxe5 dxe5 14. Nxe5 Bd4 15. Nf3 Bg7 16. Rb1 Ng6 17. d4 g4 18. Ne1 Nf4 19. Nc2 Nxe2+ 20. Qxe2 f4 21. Rfe1 Bf5 22. Red1 f3 23. Qd2 Qh4 24. Rbc1 Bxc2 25. Qxc2 fxg2 26. Kxg2 Rf3 27. Rd2 Raf8 28. Rf1 h5 29. Qg6 R8f6 30. Qe8+ Bf8 31. Qd8 Rxf2+ 32. Rdxf2 Rxf2+ 33. Rxf2 Qxd8 34. Rf5 0-1

[Event "Montreal Mercredi 01"]
[Site "Montreal CAN"]
[Date "2008.01.16"]
[Round "2"]
[White "Gauthier, Martin"]
[Black "Theriault, Pierre Marc"]
[Result "0-1"]
[WhiteElo "1364"]
[BlackElo "1402"]
[PlyCount "64"]
[GameId "2160767910549212"]
[EventDate "2008.01.09"]
[EventType "tourn"]
[EventRounds "5"]
[EventCountry "CAN"]
[SourceTitle "EXT 2011"]
[Source "ChessBase"]
[SourceDate "2011.11.26"]
[SourceVersion "1"]
[SourceVersionDate "2011.11.26"]
[SourceQuality "1"]

1. e4 e6 2. d4 d5 3. exd5 exd5 4. Nf3 Bg4 5. Be2 Bd6 6. h3 Bh5 7. Ne5 Bxe2 8. Qxe2 Ne7 9. Qg4 O-O 10. Bh6 Ng6 11. Nxg6 hxg6 12. Be3 Nd7 13. Nd2 Nf6 14. Qf3 Qd7 15. O-O Rae8 16. c4 c6 17. c5 Bc7 18. Rfe1 Qf5 19. Qd1 g5 20. g4 Qg6 21. Qb1 Qh6 22. Kg2 Ne4 23. Nf1 f5 24. f3 fxg4 25. fxe4 Rf7 26. Qc2 Ref8 27. Re2 Rf3 28. Kg1 Qxh3 29. Rg2 Rxe3 30. Nxe3 Qxe3+ 31. Kh1 Rf6 32. Qe2 Rh6+ 0-1

[Event "Montreal Mercredi 01"]
[Site "Montreal CAN"]
[Date "2008.01.16"]
[Round "2"]
[White "Giroux, Robert"]
[Black "Gauthier, Luc"]
[Result "1-0"]
[WhiteElo "1875"]
[BlackElo "1772"]
[PlyCount "61"]
[GameId "2160767910549213"]
[EventDate "2008.01.09"]
[EventType "tourn"]
[EventRounds "5"]
[EventCountry "CAN"]
[SourceTitle "EXT 2011"]
[Source "ChessBase"]
[SourceDate "2011.11.26"]
[SourceVersion "1"]
[SourceVersionDate "2011.11.26"]
[SourceQuality "1"]

1. e4 Nf6 2. e5 Nd5 3. d4 d6 4. c4 Nb6 5. exd6 exd6 6. Nc3 Be7 7. Nf3 O-O 8. Be2 Bf6 9. Be3 Nc6 10. Rc1 Bg4 11. b3 Re8 12. O-O Nd7 13. Qd2 Ne7 14. Bg5 c6 15. Ne4 Bxg5 16. Qxg5 Bxf3 17. Bxf3 Nf8 18. Nf6+ Kh8 19. Nxe8 Qxe8 20. Rfe1 Ne6 21. Qg4 d5 22. cxd5 Nxd5 23. Bxd5 cxd5 24. Rc7 Nxc7 25. Rxe8+ Rxe8 26. g3 Ne6 27. Qf5 Kg8 28. Qxd5 b6 29. Qc6 Rd8 30. d5 Nd4 31. Qc7 1-0

[Event "Montreal Mercredi 01"]
[Site "Montreal CAN"]
[Date "2008.01.16"]
[Round "2"]
[White "Katch, Gary"]
[Black "Papineau (Montreal), Daniel"]
[Result "0-1"]
[WhiteElo "1817"]
[BlackElo "1841"]
[PlyCount "51"]
[GameId "2160767910549214"]
[EventDate "2008.01.09"]
[EventType "tourn"]
[EventRounds "5"]
[EventCountry "CAN"]

1. e4 c6 2. d4 d5 3. exd5 cxd5 4. Bd3 Nc6 5. c3 g6 6. Bf4 Bg7 7. Nf3 f6 8. O-O Nh6 9. Re1 O-O 10. c4 Bg4 11. Be2 Nf7 12. Nc3 dxc4 13. d5 Bxf3 14. Bxf3 Nce5 15. Be4 Qd7 16. Bg3 Nd6 17. Bc2 Nf5 18. Ne4 Rad8 19. Nc5 Qxd5 20. Qxd5+ Rxd5 21. Nxb7 Nxg3 22. hxg3 Rb5 23. Be4 f5 24. f4 fxe4 25. fxe5 Rxb7 26. Rac1 0-1

[Event "Montreal Mercredi 01"]
[Site "Montreal CAN"]
[Date "2008.01.16"]
[Round "2"]
[White "Lemieux, Serge"]
[Black "Teasdale, Alain"]
[Result "1/2-1/2"]
[WhiteElo "1678"]
[BlackElo "1557"]
[PlyCount "128"]
[GameId "2160767910549215"]
[EventDate "2008.01.09"]
[EventType "tourn"]
[EventRounds "5"]
[EventCountry "CAN"]
[SourceTitle "EXT 2011"]
[Source "ChessBase"]
[SourceDate "2011.11.26"]
[SourceVersion "1"]
[SourceVersionDate "2011.11.26"]
[SourceQuality "1"]

1. d4 d5 2. c4 c6 3. Nc3 e5 4. dxe5 d4 5. Ne4 Qa5+ 6. Bd2 Qxe5 7. Ng3 Nf6 8. Nf3 Qd6 9. b4 Be7 10. c5 Qd5 11. Qb3 Qd8 12. Qd3 O-O 13. Nxd4 Re8 14. e3 Nbd7 15. Be2 Ne5 16. Qc2 h6 17. Rd1 Bd7 18. O-O Bf8 19. Ndf5 Bxf5 20. Nxf5 g6 21. Bc3 Qc7 22. Ng3 Bg7 23. Rd6 Nd5 24. Ne4 Nxc3 25. Nxc3 Rad8 26. Rfd1 Rxd6 27. Rxd6 Bf8 28. Rd4 Bg7 29. Re4 f5 30. Rh4 Qe7 31. Rh3 Qf6 32. Nb1 Nf7 33. Bc4 Kh7 34. f4 h5 35. Bxf7 Qxf7 36. g4 fxg4 37. Rxh5+ Bh6 38. Qd3 Qe6 39. Re5 Qf7 40. Rxe8 Qxe8 41. Nc3 Qe6 42. Ne4 Qf5 43. Nf2 Bg7 44. Qe2 Qb1+ 45. Kg2 Qxb4 46. Nd3 Qe4+ 47. Kg3 Bd4 48. Kxg4 Qxe3 49. Qxe3 Bxe3 50. h4 b6 51. cxb6 axb6 52. h5 gxh5+ 53. Kxh5 c5 54. f5 c4 55. Nb4 Bc5 56. Nc2 Kg7 57. Kg5 b5 58. a3 Kf7 59. Kf4 Bd6+ 60. Ke4 Kf6 61. Nd4 Bxa3 62. Nxb5 Bb2 63. Nd4 c3 64. Nc2 Bc1 1/2-1/2

[Event "Montreal Mercredi 01"]
[Site "Montreal CAN"]
[Date "2008.01.16"]
[Round "2"]
[White "Marquis, Gerald"]
[Black "Neron, Raynald"]
[Result "1-0"]
[WhiteElo "1533"]
[BlackElo "1463"]
[PlyCount "75"]
[GameId "2160767910549216"]
[EventDate "2008.01.09"]
[EventType "tourn"]
[EventRounds "5"]
[EventCountry "CAN"]
[SourceTitle "EXT 2011"]
[Source "ChessBase"]
[SourceDate "2011.11.26"]
[SourceVersion "1"]
[SourceVersionDate "2011.11.26"]
[SourceQuality "1"]

1. e4 e5 2. Nf3 Nc6 3. Bb5 a6 4. Ba4 Nf6 5. O-O Be7 6. d3 b5 7. Bb3 d6 8. Nc3 Bg4 9. Nd5 Nd4 10. Nxf6+ Bxf6 11. Bd5 c6 12. c3 Bxf3 13. gxf3 cxd5 14. cxd4 O-O 15. dxe5 dxe5 16. Qb3 Bg5 17. Qxd5 Qxd5 18. exd5 Bxc1 19. Raxc1 Rac8 20. Rc3 Rfd8 21. Rfc1 Rxc3 22. Rxc3 Kf8 23. Rc5 Ke7 24. b4 Kd7 25. Kf1 Rc8 26. Ke2 Rc7 27. Ke3 Kd6 28. d4 Rxc5 29. dxc5+ Kxd5 30. f4 f5 31. fxe5 Kxe5 32. f4+ Kd5 33. Kf3 h6 34. h4 h5 35. Ke3 a5 36. a3 a4 37. Kd3 g6 38. Ke3 1-0

[Event "Montreal Mercredi 01"]
[Site "Montreal CAN"]
[Date "2008.01.16"]
[Round "2"]
[White "Savard, Alain"]
[Black "Baran, Marius"]
[Result "1-0"]
[WhiteElo "1628"]
[BlackElo "1580"]
[PlyCount "59"]
[GameId "2160767910549217"]
[EventDate "2008.01.09"]
[EventType "tourn"]
[EventRounds "5"]
[EventCountry "CAN"]
[SourceTitle "EXT 2011"]
[Source "ChessBase"]
[SourceDate "2011.11.26"]
[SourceVersion "1"]
[SourceVersionDate "2011.11.26"]
[SourceQuality "1"]

1. e4 c5 2. Nc3 e6 3. g3 Nc6 4. Bg2 Nf6 5. Nge2 d5 6. exd5 exd5 7. O-O d4 8. Ne4 Nxe4 9. Bxe4 Bd6 10. d3 O-O 11. Nf4 Re8 12. Qh5 g6 13. Qf3 Ne5 14. Qg2 Rb8 15. Bd2 Ng4 16. h3 Nf6 17. Bf3 Qc7 18. Rfe1 Bd7 19. Nd5 Nxd5 20. Bxd5 Qc8 21. Bxf7+ Kxf7 22. Qd5+ Be6 23. Qxd6 b5 24. Bh6 Bxh3 25. Rxe8 Qxe8 26. Qc7+ Bd7 27. Qxc5 Rb6 28. Qxd4 Rf6 29. Bd2 Kg8 30. Qxf6 1-0